00826cam a22002291 450000100060000000300080000600500170001400800410003103500140007204000320008604100080011808200180012610000530014424501570019726000720035430000250042650400570045150400200050865000160052865000320054474000200057630363BD-RjUL20211209051543.0730515s1936 mau b 000 0 eng  a(BD-RjUL) aDLCcDLCdDLCdBD-RjULbeng aeng00a119bLOG 19531 aLovejoy, Arthur O.q(Arthur Oncken),d1873-1962.14aThe great chain of being :ba study of the history of an idea /cThe William James lectures delivered at Harvard university, 1933, by Arthur O. Lovejoy. aCambridge, Mass. :bHarvard university press,c1936 [Reprint 1953]. aix, 382 p. ;c23 cm. aBibliographical references in "Notes" (p. [335]-373) aIncludes Index. 0aContinuity. 0aChain of being (Philosophy) aChain of being.